| 000 | 00404nam a22001697a 4500 | ||
|---|---|---|---|
| 005 | 20180203145745.0 | ||
| 008 | 160427b xxu||||| |||| 00| 0 eng d | ||
| 020 | _a81-7808-785-5 | ||
| 041 | _aeng | ||
| 082 |
_b00349 _a004.6 |
||
| 100 |
_atanenbaum, Andrew S. _9108 |
||
| 245 | _aComputer Networks | ||
| 250 | _a4th ed. | ||
| 260 |
_aNew Delhi _bPearson Education, _c2003 |
||
| 300 | _a891 | ||
| 942 | _cBK | ||
| 999 |
_c113 _d113 |
||